Moje zvířátka : obrázková knížka pro děti předškolního věku /

Hlavní autor: Grabiański, Janusz, 1929-1976
Jazyk: Čeština
Vydáno: Warszawa : Wspólna sprawa, 1974
Fyzický popis: 1 nestránkovaný sv.
Knihy
Uloženo v:
LEADER 00619nam a22001691a 4500
001 000696400
003 CZ BrMZK
005 20031110140645.0
008 031110s1974 pl f cze d
040 |a BOA001  |b cze  |c BOA001 
100 1 |a Grabiański, Janusz,  |d 1929-1976  |7 xx0045038  |4 aut 
245 1 0 |a Moje zvířátka :  |b obrázková knížka pro děti předškolního věku /  |c Janusz Grabiański 
260 |a Warszawa :  |b Wspólna sprawa,  |c 1974 
300 |a 1 nestránkovaný sv. 
910 |a BOA001  |b PK-N-0016.763 
990 |a BK 
996 7 |b 3119686358  |c PK-N-0016.763  |l MZK  |r Sklad / do 1 hodiny  |n 1  |w 000696400  |u 000010  |a 1  |e BOA001  |j MZK50  |s A